| 000 | 00906nam a22002057a 4500 | ||
|---|---|---|---|
| 999 |
_c4762 _d4762 |
||
| 003 | AR-CdUCM | ||
| 008 | 190311b ||||| |||| 00| 0 spa d | ||
| 040 |
_aMUNICIPALIDAD PROVINCIAL DEL CUSCO _cBIBLIOTECA MUNICIPAL DEL CUSCO |
||
| 082 |
_a109 / _bSH55 |
||
| 100 |
_aShirokov, M _914736 |
||
| 245 |
_aTratado sistemático de filosofía : _bEl pensamiento filosófico a través de la historia / |
||
| 260 |
_aMéxico, D. F : _bEds. Fuente Cultural, _c1943. |
||
| 300 |
_a388 paginas ; _c22 cm. |
||
| 500 | _aDonación familia Nieto | ||
| 505 | _aContenido :La presentación reciproca de contrarios --Análisis del movimiento de las contradicciones de un proceso, desde su principio hasta su fin --La relatividad de la unidad de contrarios y lo absoluto de su conflicto --La teoría del equilibrio ... | ||
| 650 |
_aFilosofía _9395 |
||
| 650 |
_aHistoria _9136 |
||
| 942 |
_2ddc _cLIBROS |
||
| 945 | _arjall | ||